Traités Instituant les Communautés Européennes; traités portant révision de ces traités, textes relatifs aux Communautés

Gardado en:
Detalles Bibliográficos
Autor Corporativo: Communautés Européennes
Formato: Texto
Publicado: Luxemburgo: CE
Edición:0
Etiquetas: Engadir etiqueta
Sen Etiquetas, Sexa o primeiro en etiquetar este rexistro!

MARC

LEADER 00000 a a2200000 04500
001 24302
003
040
090 |a 172600  
110 |a Communautés Européennes  
245 |a Traités Instituant les Communautés Européennes; traités portant révision de ces traités, textes relatifs aux Communautés  
250 |a 0  
260 |a Luxemburgo:   |b CE  
300 |a 541 p.  
999 |c 12124  |d 12124